| 000 | 01301cam a2200265 a 4500 | ||
|---|---|---|---|
| 001 | 5697 | ||
| 003 | UkOxU | ||
| 005 | 20211208234118.0 | ||
| 008 | 07 s1957 enk b 001 0 eng | ||
| 035 | _a51-00111 | ||
| 040 |
_aDLC _cTOL _beng |
||
| 041 | _aeng | ||
| 082 |
_a354.42 BRI _b1957 |
||
| 245 | 0 | 0 |
_aBritish government since 1918 / _cGilbert Campion ... [et al.] ; with an introduction by John Anderson. |
| 260 |
_aLondon : _bAllen and Unwin, _c1950 [Impression 1957] |
||
| 300 |
_a232 p. ; _c22 cm. |
||
| 500 | _a"Prepared at the instigation of the Institute of Public Administration" -- verso t.p. | ||
| 504 | _aIncludes bibliographical footnotes and index. | ||
| 505 | 0 | _aDevelopments in the parliamentary system since 1918 / Gilbert Campion -- Developments of the cabinet, 1914-1949 / D.N. Chester -- The structure of central administration / W.J.M. Mackenzie -- Administrative law in England, 1919-1948 / William A. Robson -- Qasi-government bodies since 1918 / Arthur Street -- Local government / J.H. Warren. | |
| 651 | 0 |
_aGreat Britain _xPolitics and government _y20th century. _95828 |
|
| 700 | 1 |
_aCampion, Gilbert Francis Montriou Campion, _cBaron, _d1882-1958. _917886 |
|
| 710 | 2 |
_aInstitute of Public Administration (Great Britain) _917887 |
|
| 942 |
_2ddc _cBK |
||
| 999 |
_c5697 _d5697 |
||